| 000 | 00989nab a2200289 4500 | ||
|---|---|---|---|
| 003 | BR-BrBNA | ||
| 005 | 20241101213943.0 | ||
| 008 | 241101b bl.||||| |||| 00| 0 por d | ||
| 040 |
_aBR-BrBNA _bpor |
||
| 072 |
_aE14 ; E16 ; E20 _b0210 |
||
| 100 | _aNakano, Daniel Hirochi | ||
| 100 | _aDeleo, João Paulo Bernardes | ||
| 245 | _aChoque de competitividade | ||
| 500 | _a8 ref.; 7 illus.; 12 tables; 1 graph | ||
| 520 | _aGESTÃO DA PROPRIEDADE RURAL; COMPETITIVIDADE | ||
| 650 | _aBATATA | ||
| 650 | _aCUSTO DE PRODUÇÃO | ||
| 650 | _aDIFUSÃO DE TECNOLOGIA | ||
| 650 | _aPROCESSAMENTO DE ALIMENTO | ||
| 650 | _aGESTÃO | ||
| 650 | _aCOMERCIALIZAÇÃO | ||
| 650 | _aPRODUTIVIDADE | ||
| 650 | _aRENTABILIDADE | ||
| 773 | 0 |
_04115 _9345192 _dPiracicaba-SP Centro de Estudos Avançados em Economia Aplicada-CEPEA/USP/ESALQ 2002 _o2024-5683 _tHortifruti Brasil (Brazil) _x1981-1837 _gv. 5(51) p. 6-17; (Oct 2006) _wBR2024003112 |
|
| 942 | _cANA | ||
| 999 |
_c328391 _d328391 |
||